10 best airports in the world as of 2014 - Statistics

General Stats
  • This quiz has been taken 227 times
  • The average score is 6 of 10
Answer Stats
Hint Answer % Correct
10 London Heathrow Airport, United Kingdom
88%
1 Changi airport, Singapore
83%
6 Tokyo Haneda International Airport, Japan
76%
7 Beijing International Airport, China
67%
4 Hong Kong International Airport, China
64%
2 Seoul Incheon Airport, South Korea
61%
5 Amsterdam Schipol Airport, The Netherlands
60%
3 Munich Airport, Germany
46%
9 Vancouver International Airport, Canada
37%
8 Zurich Airport, Switzerland
34%
No matching quizzes found
Score Distribution
Percent of People with Each Score
Percentile by Number Answered
Your Score History
You have not taken this quiz